Estadísticas para Cultura General #7

Haz click aquí para intentar la prueba.

Estadísticas generales

  • Esta prueba ha sido intentada 2.678 veces
  • La puntuación promedio es 11 de 20

Estadísticas de respuestas

PreguntaRespuesta% Correcto
¿Qué cosa comen principalmente los pandas?Bambú
97%
¿Qué tipo de prenda llevan famosamente Drácula y Superman?Capa
96%
¿Qué país limita con Suiza al oeste?Francia
90%
¿Qué clase de números son 2, 3, 7, 11, y 19?Primo
89%
¿Qué cometa pasa cerca de la Tierra aproximadamente cada 76 años?Cometa {Halley}
78%
¿Qué actriz protagonizó como Hermione Granger?Emma Watson
71%
¿Qué prefijo cae entre mili y nano?Micro
56%
¿Cómo se llama el perro de tres cabezas que guarda Hades?Cerbero
54%
¿Cuáles son las tres casas de moda más mencionadas en la música hip hop?Gucci
51%
¿Qué película tiene lugar en la luna Pandora?Avatar
50%
¿Qué país está ubicado mayormente en Anatolia?Turquía
48%
¿De qué pez tradicionalmente se hace el caviar?Esturión beluga
41%
¿Qué país anteriormente se conocía como Ceilán?Sri Lanka
40%
¿Votar y botar o barón y varón son ejemplos de qué?Palabras {homófonas}
39%
¿Cuáles son las tres casas de moda más mencionadas en la música hip hop?Prada
37%
¿De qué planta se hace la tequila?Agave
32%
¿Cuáles son las tres casas de moda más mencionadas en la música hip hop?Versace
29%
¿Qué parte del cuerpo se afecta el fascitis necrosante?Piel
26%
¿Qué persona bíblica dependía de su hermano Aarón como su portavoz?Moisés
25%
¿De qué tiene miedo una persona con corofobia?Bailar
11%

Distribución de puntuación

Porcentaje por número respondido

Porcentaje de gente con cada puntuación

Historial de tus puntuaciones

No has intentado esta prueba.